Les plus grandes fêtes du monde - Statistiques

Statistiques générales
  • Ce quiz a été pris 12 fois
  • Le résultat moyen est 2 sur 10
Statistiques - réponses
Hint Réponse % Correct
1 Carnaval de Rio
91%
2 Oktoberfest
36%
4 Fêtes de Bayonne
27%
3 San Fermín
27%
6 Burning Man
18%
9 Carnaval de Notting Hill
9%
5 Tomatina
9%
8 Boryeong Mud Festival
0%
7 Holi Festival
0%
10 Songkran
0%
Aucun quiz correspondant
Distribution des résultats
% des personnes avec chaque résultat
Percentile par nombre de réponses
Votre historique - résultats
Vous n’avez pas pris ce quiz